Instructional science
| Format: | Electronic Journal |
|---|---|
| Language: | English |
| Published: |
Amsterdam :
Elsevier Publishing Company,
1972-
Dordrecht : Martinus Nijhoff Publishers Kluwer Academic Publishers Springer Netherlands |
| Subjects: | |
| Online Access: | Full text available from Research Library: 01/01/1997 to 1 year ago |
MARC
| LEADER | 00000nas a2200000 a 4500 | ||
|---|---|---|---|
| 001 | ssj0001480 | ||
| 003 | WaSeSS | ||
| 005 | 20200512172242.0 | ||
| 006 | m d | ||
| 007 | cr n | ||
| 008 | 990618c19729999ne br p s 0 a0eng c | ||
| 010 | |a 2004233337 | ||
| 016 | 7 | |a 012433387 |2 Uk | |
| 022 | |a 1573-1952 |l 0020-4277 |y 0020-4277 | ||
| 030 | |a INLSBJ | ||
| 035 | |a (WaSeSS)ssj0001480 | ||
| 040 | |a F#A |b eng |e pn |c F#A |d OCLCQ |d MUQ |d OCLCQ |d GUA |d VRC |d MYG |d OCLCQ |d EYM |d OCLCF |d VT2 |d OCLCQ |d UMC |d OCLCO |d AZU |d CEF |d CSO |d OCLCE |d OCLCO |d UKMGB |d DLC |d NJT |d WaSeSS | ||
| 042 | |a pcc | ||
| 050 | 0 | 0 | |a L11 |
| 082 | 0 | 4 | |a 370 |
| 130 | 0 | |a Instructional science (Online) | |
| 210 | 1 | 0 | |a Instr Sci |
| 245 | 1 | 0 | |a Instructional science |h [electronic resource]. |
| 260 | |3 1972-May 1986 : |a Amsterdam : |b Elsevier Publishing Company, |c 1972- | ||
| 260 | 2 | |3 1986-1987 : |a Dordrecht : |b Martinus Nijhoff Publishers | |
| 260 | 2 | |3 1987-2003 : |b Kluwer Academic Publishers | |
| 260 | 3 | |3 2004- : |b Springer Netherlands | |
| 310 | |a Bimonthly, |b 1990- | ||
| 321 | |a Four issues yearly, |b 1972-1989 | ||
| 362 | 1 | |a Began with v. 1, no. 1 (Mar. 1972). | |
| 500 | |a "An international journal of the learning sciences." | ||
| 506 | |a License restrictions may limit access. | ||
| 515 | |a Some volumes combined. | ||
| 588 | |a Description based on: Vol. 1, no. 1 (Mar. 1972); title from journal contents page (SpringerLink, viewed Nov. 10, 2009). | ||
| 588 | |a Latest issue consulted: Vol. 47, no. 1 (Feb. 2019) (SpringerLink website, viewed Mar. 26, 2019). | ||
| 650 | 0 | |a Teaching |v Periodicals. | |
| 650 | 0 | |a Learning, Psychology of |v Periodicals. | |
| 650 | 0 | |a Education |v Periodicals. | |
| 650 | 6 | |a Enseignement |v Périodiques. | |
| 650 | 6 | |a Apprentissage, Psychologie de l' |v Périodiques. | |
| 650 | 6 | |a Éducation |v Périodiques. | |
| 650 | 7 | |a Education. |2 fast |0 (OCoLC)fst00902499 | |
| 650 | 7 | |a Learning, Psychology of. |2 fast |0 (OCoLC)fst00995009 | |
| 650 | 7 | |a Teaching. |2 fast |0 (OCoLC)fst01144565 | |
| 650 | 1 | 7 | |a Leren. |2 gtt |
| 655 | 0 | |a Electronic journals. | |
| 776 | 0 | 8 | |i Print version: |t Instructional science |x 0020-4277 |w (DLC) 72623006 |w (OCoLC)1779781 |
| 850 | |a DLC | ||
| 856 | 4 | 0 | |z Full text available from Research Library: 01/01/1997 to 1 year ago |u https://search.proquest.com/publication/54127 |